Servei d'Informació Econòmica Municipal : 1983 1983
Descripción Física:
3 v. ; 29 cm
Otros Autores:
Centre d'Estudis de Planificació
MARC
| LEADER | 00000nam a2200000Ia 4500 | ||
|---|---|---|---|
| 001 | 22700, 22701, 22702 | ||
| 008 | 160829s9999 xx 000 0 cat d | ||
| 080 | |a FU-57-35, M-6-356, FU-57-36 | ||
| 110 | 1 | |a Barcelona (Catalunya : Província). |b Servei d'Informació Econòmica Municipal |9 52724 | |
| 245 | |a Servei d'Informació Econòmica Municipal : |b 1983 | ||
| 260 | |a Barcelona : |b CEP, Centre d'Estudis de Planificació, [1983] | ||
| 300 | |a 3 v. ; |c 29 cm | ||
| 590 | |a Conté: Vol. 1: Llibret de promoció; v. 2: Guia d'interpretació dels indicadors; v. 3: Informe anual, Badalona | ||
| 650 | 0 | |a Finances municipals |z Barcelona (Província) |9 20808 | |
| 700 | |a Centre d'Estudis de Planificació |9 35043 | ||
| 710 | 1 | |a Barcelona (Catalunya : Província). |b Diputació |9 52408 | |
| 901 | |a Arxiu | ||
| 942 | |n 1 | ||
| 952 | |0 0 |1 0 |4 0 |6 FU5735 |7 1 |9 49982 |a Arxiu |b Arxiu |d 2023-04-13 |h Volum I |o FU-57-35, |p 22700 |r 2016-12-01 00:00:00 |w 2016-12-01 |y ARXIU | ||
| 952 | |0 0 |1 0 |4 0 |6 M6356 |7 1 |9 66094 |a Arxiu |b Arxiu |d 2023-04-13 |h Volum II |l 0 |o M-6-356 |p 22701 |r 2023-04-13 00:00:00 |w 2023-04-13 |y ARXIU | ||
| 952 | |0 0 |1 0 |4 0 |6 FU5736 |7 1 |9 66095 |a Arxiu |b Arxiu |d 2023-04-13 |h Volum III |l 0 |o FU-57-36 |p 22702 |r 2023-04-13 00:00:00 |w 2023-04-13 |y ARXIU | ||
| 999 | |c 53824 |d 53824 | ||